Electricity (Record no. 11464)

MARC details
000 -LEADER
fixed length control field 00240nam a22000977a 4500
008 - FIXED-LENGTH DATA ELEMENTS--GENERAL INFORMATION
fixed length control field 190525b ||||| |||| 00| 0 eng d
020 ## - INTERNATIONAL STANDARD BOOK NUMBER
International Standard Book Number 9780531115114
100 ## - MAIN ENTRY--PERSONAL NAME
Personal name Riley Peter
9 (RLIN) 7180
245 ## - TITLE STATEMENT
Title Electricity
260 ## - PUBLICATION, DISTRIBUTION, ETC. (IMPRINT)
Place of publication, distribution, etc. Newyork
Name of publisher, distributor, etc. Franklin Watts
Holdings
Withdrawn status Lost status Source of classification or shelving scheme Damaged status Koha normalized classification for sorting Not for loan Home library Current library Shelving location Date acquired Total Checkouts Full call number Barcode Date last seen Price effective from Koha item type
    Dewey Decimal Classification   500_000000000000000_B8   Good Samaritan School Library Good Samaritan School Library Science 05/25/2019   500 B-8 RIL15318 05/25/2019 05/25/2019 BOOK

Powered by Koha